[Event "SVK-chT2 6th B01 corr"]
[Site "Slovakia"]
[Date "2004.02.15"]
[Round "?"]
[White "Mazak, Jan"]
[Black "Kendi, Stefan"]
[Result "1-0"]
[WhiteElo "1700"]
[BlackElo "1893"]
[PlyCount "31"]
[EventDate "2004.??.??"]
[EventType "team (corr)"]
[EventRounds "10"]
[EventCountry "SVK"]
[SourceTitle "Corr 2006"]
[Source "ChessBase"]
[SourceDate "2006.04.01"]
[SourceVersion "3"]
[SourceVersionDate "2006.04.01"]
[SourceQuality "1"]

1. e4 e6 2. d4 d5 3. Nc3 dxe4 4. Nxe4 Nd7 5. Nf3 Ngf6 6. Bd3 Be7 7. 0-0 0-0 8. Qe2 b6 9. Neg5 h6 10. Nxe6 fxe6 11. Qxe6+ Kh8 12. Nh4 Ne5 13. Qxe5 Re8 14. Ng6+ Kg8 15. Qe2 Bc5 16. Bc4+ 1-0